000 00824nab a2200241 4500
003 BR-BrBNA
005 20240815090245.0
008 240801b bl.||||| |||| 00| 0 por d
040 _aBR-BrBNA
_bpor
072 _aE70 ; F03 ; D50
_b3575
100 _aIntrovini, Gisela
245 _aÉ preciso ética no setor de sementes
500 _a3 illus.
650 _aSEMENTE
650 _aSEMENTEIRA
650 _aCERTIFICAÇÃO DE SEMENTE
650 _aCONTROLE DE QUALIDADE
650 _aINDICAÇÃO DE PROCEDÊNCIA
650 _aLEGISLAÇÃO
773 0 _04604
_9317185
_dPalmas - Tocantins Terranova Gráfica e Editora Jornalística Ltda 2005
_o2024-3809
_tCerrado Rural Agronegócios (Brazil)
_x1980-2595
_gv. 3(14) p. 40 -41; (Feb 2006)
_wBR2024002378
942 _cAnalítica
999 _c300711
_d300711